Mystery Taylor Swift Song #18 - Statistics

General Stats
  • This quiz has been taken 1,387 times
    1,266 since last reset
  • The average score is 29 of 94
Answer Stats
Song % Correct
I
83%
a
78%
you
75%
the
72%
Single
68%
And
67%
me
67%
your
63%
it
60%
to
59%
in
58%
my
58%
where
57%
is
54%
I'm
53%
so
52%
go
50%
like
48%
of
48%
that
48%
don't
47%
what
46%
for
44%
know
43%
was
42%
but
39%
see
38%
how
37%
as
36%
I'd
36%
I'd
36%
with
36%
just
34%
never
33%
never
33%
would
32%
off
31%
eyes
30%
from
29%
feel
28%
make
28%
oh
28%
Every
27%
take
26%
couldn't
23%
wanna
23%
wanted
23%
Made
22%
around
21%
Baby
21%
Crazier
21%
crazier
21%
gone
21%
let
21%
lost
21%
wants
20%
everything
19%
life
19%
much
19%
came
18%
feet
18%
ground
18%
more
18%
seen
18%
spin
18%
there's
18%
lift
17%
something
17%
wind
17%
before
16%
Feels
16%
real
16%
showed
16%
blue
15%
door
15%
falling
15%
find
15%
fly
15%
'Til
15%
believe
14%
flow
14%
opened
14%
along
13%
changed
13%
kind
13%
own
13%
trying
13%
living
12%
sky
12%
wings
12%
anymore
11%
distance
11%
hide
11%
watched
11%
No matching quizzes found
Score Distribution
Percent of People with Each Score
Percentile by Number Answered
Your Score History
You have not taken this quiz since the last reset